000 01744cam a2200481 a 4500
001 20966
003 VRT
005 20260207123829.0
008 230403s1950 xo 000 d slo
015 _aSNBA19451955-004848
035 _aSK01SNKBKSFS20020069313
035 _aurn:nbn:sk:snk-am3hytw
035 _a6EF3A96B-7BC4-452B-908E-E8AA3C02EFF7
035 _aurn:nbn:sk:snk-am00ddu9
035 _aSKM000071776
039 9 _a202304032047
_bVLOAD
_c202212050954
_dVLOAD
_c202205120825
_dVLOAD
_c202007090908
_dcsnkv03
040 _aSNK
_bslo
_cSNK
_eAACR2
041 1 _aslo
_hbul
044 _axo
_cSK
080 _a886.7
_21981
100 1 _aJovkov, Jordan,
_d1880-1937
_4aut
240 1 0 _aObiknoven čovek
_lSlovensky
245 1 0 _aObyčajný človek
_bdráma v štyroch dejstvách
_cJordan Jovkov ; peložila Milica Ambrušová
250 _a1. vyd.
260 _aTurčiansky Sv. Martin
_bMatica slovenská
_c1950
_eTurčiansky Sv. Martin
_fNeografia
300 _a83, [1] s.
_c
366 _e2000 výtl.
490 1 _aPrekladová divadelná knižnica
_vsv. 8
500 _aPreložené z bulharčiny
655 7 _abulharské drámy
_2SNKPH
700 1 _aAmbrušová, Milica
_4trl
830 0 _aPrekladová divadelná knižnica
910 _asnk
942 _2ddc
_cKLDO
_n0
949 _617A0662559
_asnkSD 6934/8 D1
_bsnkD 1767/60
949 _617A0662557
_asnkSD 6934/8 D2
_bsnkF 5350/62
949 _617A0662556
_asnkSD 6934/8 D3
_bsnkF 3298/62
949 _617A0662570
_asnkSD 6934/8 D4
_bsnkF 551/64
949 _62889400603
_asavukM 9843
949 _6270001000540375
_asvkbbS 20352
_bsvkbbm 62827
949 _617A0912084
_asnkSD 6934/8
_bsnk5058/50
_oI. 2181/50
_s6100:20190903
999 _c20966
_d20966